|
|
|
|
| LEADER |
01850nam a2200481 a 4500 |
| 001 |
nkc20061637120 |
| 003 |
CZ PrNK |
| 005 |
20060403095224.0 |
| 007 |
ta |
| 008 |
060105s2005 xr a f 001 0 cze |
| 015 |
|
|
|a cnb001637120
|
| 020 |
|
|
|a 80-86131-63-7
|q (váz.)
|
| 035 |
|
|
|a (OCoLC)83978701
|
| 040 |
|
|
|a OLA001
|b cze
|d ABA001
|
| 072 |
|
7 |
|a 005
|x Management. Řízení
|2 Konspekt
|9 4
|
| 080 |
|
|
|a 005.332.1
|2 MRF
|
| 080 |
|
|
|a 005.962.13:005.332.1
|2 MRF
|
| 080 |
|
|
|a 005:330.133.1
|2 MRF
|
| 080 |
|
|
|a 658.14/.17
|2 MRF
|
| 080 |
|
|
|a (048.8)
|2 MRF
|
| 100 |
1 |
|
|a Pavelková, Drahomíra,
|d 1963-
|7 xx0004599
|4 aut
|
| 245 |
1 |
0 |
|a Výkonnost podniku z pohledu finančního manažera /
|c Drahomíra Pavelková, Adriana Knápková
|
| 260 |
|
|
|a Praha :
|b Linde,
|c 2005
|
| 300 |
|
|
|a 302 s. :
|b il. ;
|c 25 cm
|
| 504 |
|
|
|a Obsahuje bibliografii a rejstřík
|
| 650 |
0 |
7 |
|a výkonnost podniku
|7 ph118506
|2 czenas
|
| 650 |
0 |
7 |
|a měření výkonnosti
|7 ph260641
|2 czenas
|
| 650 |
0 |
7 |
|a hodnotový management
|7 ph171125
|2 czenas
|
| 650 |
0 |
7 |
|a finanční management
|7 ph114551
|2 czenas
|
| 650 |
0 |
9 |
|a industrial productivity
|2 eczenas
|
| 650 |
0 |
9 |
|a performance measurement
|2 eczenas
|
| 650 |
0 |
9 |
|a value management
|2 eczenas
|
| 650 |
0 |
9 |
|a financial management
|2 eczenas
|
| 655 |
|
7 |
|a monografie
|7 fd132842
|2 czenas
|
| 655 |
|
9 |
|a monographs
|2 eczenas
|
| 700 |
1 |
|
|a Knápková, Adriana,
|d 1977-
|7 mzk2003185949
|4 aut
|
| 856 |
4 |
1 |
|u http://www.digitalniknihovna.cz/mzk/uuid/uuid:204735a0-c9c6-11ef-b045-5ef3fc9bb22f
|y Digitalizovaný dokument
|x NDK
|
| 910 |
2 |
|
|a BOA001
|b 2-1163.047
|
| 990 |
|
|
|a BK
|
| 995 |
|
|
|a 01
|
| 991 |
|
|
|b 200602
|c NOV
|
| 996 |
6 |
|
|b 2610268788
|c 2-1163.047
|l MZK
|r Sklad / do 1 hodiny
|n 22
|p p.v.
|w 000804319
|u 000010
|a 1
|e BOA001
|j MZK50
|s P
|
| 996 |
7 |
|
|b 2610274247
|c 2-1163.047
|l Vol.výběr
|r VV 0p
|n 70
|p kup
|h 005 PAV
|w 000804319
|u 000020
|a 0
|e BOA001
|j MZK50
|s A
|